Ethics in the world of business/ (Record no. 11447)

MARC details
000 -LEADER
fixed length control field 00702nam a22002417i 4500
003 - CONTROL NUMBER IDENTIFIER
control field URS
005 - DATE AND TIME OF LATEST TRANSACTION
control field 20220117094608.0
008 - FIXED-LENGTH DATA ELEMENTS--GENERAL INFORMATION
fixed length control field 170721b xxu||||| |||| 00| 0 eng d
020 ## - INTERNATIONAL STANDARD BOOK NUMBER
International Standard Book Number 0847670694
020 ## - INTERNATIONAL STANDARD BOOK NUMBER
International Standard Book Number 0847671070
040 ## - CATALOGING SOURCE
Description conventions rda
Transcribing agency college
Language of cataloging eng
050 00 - LIBRARY OF CONGRESS CALL NUMBER
Classification number HF 5387
Item number B7394 1983
100 1# - MAIN ENTRY--PERSONAL NAME
Personal name Braybrooke, David,
Relator term author
245 10 - TITLE STATEMENT
Title Ethics in the world of business/
Statement of responsibility, etc. Braybrooke, David
264 #1 - PRODUCTION, PUBLICATION, DISTRIBUTION, MANUFACTURE, AND COPYRIGHT NOTICE
Place of production, publication, distribution, manufacture USA:
Name of producer, publisher, distributor, manufacturer Rowman and Littlefield Publisher, Incorporated,
Date of production, publication, distribution, manufacture, or copyright notice [1983]
264 #4 - PRODUCTION, PUBLICATION, DISTRIBUTION, MANUFACTURE, AND COPYRIGHT NOTICE
Date of production, publication, distribution, manufacture, or copyright notice ©1983
300 ## - PHYSICAL DESCRIPTION
Extent ix, 488 pages:
Dimensions 23 cm.
336 ## - CONTENT TYPE
Source rdacontent
Content type term text
338 ## - CARRIER TYPE
Source rdacarrier
Carrier type term volume
504 ## - BIBLIOGRAPHY, ETC. NOTE
Bibliography, etc. note Includes Bibliography and Index
650 ## - SUBJECT ADDED ENTRY--TOPICAL TERM
Source of heading or term Business Ethics.
942 ## - ADDED ENTRY ELEMENTS (KOHA)
Source of classification or shelving scheme Library of Congress Classification
Koha item type Foreign Books
Holdings
Withdrawn status Source of classification or shelving scheme Damaged status Not for loan Home library Current library Shelving location Date acquired Total Checkouts Full call number Barcode Date last seen Price effective from Koha item type
  Library of Congress Classification     Rodriguez College Library Rodriguez College Library Reference 07/21/2017   HF 5387 B7394 1983 URSROD-3056 07/21/2017 07/21/2017 Foreign Books

University of Rizal System
Email us at univlibservices@urs.edu.ph

Visit our Website www.urs.edu.ph/library